| 000 | 00407nam a2200145 a 4500 | ||
|---|---|---|---|
| 005 | 20140412111418.0 | ||
| 008 | 070828s19uu xx 00 eng d | ||
| 020 | _a0-673-23910-1 | ||
| 050 |
_aTR(GS 510 _bB63 1988 |
||
| 100 | _aBolster, L. Carey | ||
| 245 |
_aInvitation to Mathematics K: T. Edition / _cL. Carey Bolster. |
||
| 260 |
_aU.S.A : _bScott Foresman, _c1988. |
||
| 300 | _a301 | ||
| 999 |
_c105921 _d105921 |
||